00389nam a2200145Ia 4500100001400000942000700014654001100021245002400032260002700056082001200083300000800095546001200103999001700115952011100132 aAbbey S.  cBK aLathe. aHow to run a lathe. bSouth bend lathec2001 a621.942 a128 aENGLISH c28971d28971 001040708AFTaCRCEbCRCEd2023-03-17g7.50i1044l0o621.942 pAFT696r2023-03-17v7.50w2023-03-17yBK